| 000 | 00829cam a22002651 4500 | ||
|---|---|---|---|
| 001 | sa 68006717 | ||
| 003 | DLC | ||
| 005 | 20260227112518.0 | ||
| 008 | 690103s1967 ii 100 0 eng | ||
| 010 | _asa 68006717 | ||
| 025 | _aPL480:I-E-9410 | ||
| 040 |
_aDLC _cDLC _dDLC |
||
| 043 | _aa-ii--- | ||
| 050 | 1 | 0 | _aS280 |
| 082 | 0 | 0 | _a633/.00954/87 |
| 111 | 2 |
_aConference on High Yielding Varieties, _cUniversity of Agricultural Sciences, _d1967. |
|
| 245 | 0 | 0 |
_aHigh yielding varieties for Mysore State; _b[brochure]. |
| 260 |
_aBangalore, _bUniversity of Agricultural Sciences, _c1967. |
||
| 300 |
_a58 p. _c25 cm. |
||
| 350 | _aunpriced | ||
| 440 | 0 |
_aU.A.S. extn. series ; _vno. 1 |
|
| 500 | _aCompiled by P. Hanumappa. | ||
| 650 | 0 |
_aField crops _zIndia _zMysore _xCongresses. |
|
| 700 | 1 |
_aHanumappa, P., _d1926- _ecomp. |
|
| 999 |
_c81471 _d81471 |
||